Library Logo

Pioneer International University Library Catalogue

The Hoffa wars : (Record no. 3814)

MARC details
000 -LEADER
fixed length control field 00595cam a2200169 i 4500
005 - DATE AND TIME OF LATEST TRANSACTION
control field 20250901165427.0
008 - FIXED-LENGTH DATA ELEMENTS--GENERAL INFORMATION
fixed length control field 780718s1978 nyuaf b 001 0beng
010 ## - LIBRARY OF CONGRESS CONTROL NUMBER
LC control number 78014286
020 ## - INTERNATIONAL STANDARD BOOK NUMBER
International Standard Book Number 0448226847 :
Terms of availability $10.95
050 00 - LIBRARY OF CONGRESS CALL NUMBER
Classification number HD6509.H6 .M64 1978
Item number M64
082 00 - DEWEY DECIMAL CLASSIFICATION NUMBER
Classification number 331.88/11/3883240924
-- B
100 1# - MAIN ENTRY--PERSONAL NAME
Personal name Moldea, Dan E.,
Dates associated with a name 1950-
245 14 - TITLE STATEMENT
Title The Hoffa wars :
Remainder of title Teamsters, rebels, politicians, and the mob /
Statement of responsibility, etc. Dan E. Moldea.
260 ## - PUBLICATION, DISTRIBUTION, ETC.
Place of publication, distribution, etc. New York :
Name of publisher, distributor, etc. Paddington Press : distributed by Grosset & Dunlap,
Date of publication, distribution, etc. c1978.
300 ## - PHYSICAL DESCRIPTION
Extent xiii, 450 p., [18] leaves of plates :
Other physical details ill. ;
Dimensions 25 cm.
942 ## - ADDED ENTRY ELEMENTS (KOHA)
Source of classification or shelving scheme Library of Congress Classification
Holdings
Withdrawn status Lost status Source of classification or shelving scheme Damaged status Not for loan Home library Current library Shelving location Date acquired Total checkouts Full call number Barcode Date last seen Price effective from Koha item type
    Library of Congress Classification     Main Library Main Library   03/29/2021   HD6509.H6 .M64 1978 PIU0003727 03/29/2021 03/29/2021 Books